000 00454nam a2200157 4500
001 120081
003 ES-MaACL
005 20230906191448.0
007 t|
008 070214s1940 sp r ||||1| spa d
100 1 _aPérez de Urbel, Justo.
_990812
245 1 0 _aIn terra pax /
_cFray Justo Pérez de Urbel.
260 _aSan Sebastián :
_b[s.n.],
_c1940 (
_fTalls. Offset)
300 _a86 p. :
_bil. ;
_c17 cm.
852 _aES-MaACL
_jA-5350
_bR.18324
999 _c120081
_d120081